000 00271nam a2200109Ia 4500
008 191201s2013 xx 000 0 und d
100 _aRAJ, Deepak
245 0 _aApplied Mathematics 2nd Sem.
260 _c2013
_bNORTH PUB.
_aNEW DELHI
300 _a232
942 _2ddc
_cBK
_019
999 _c8083
_d8083